[Event "XLIV Memoriał Szachowy Ludwika Zamenhofa 2025, Grupa A"]
[Site "Białystok, Poland"]
[Date "2025.12.29"]
[Round "6.2"]
[White "Salna, Aleksandras"]
[Black "Kozak, Antoni"]
[Result "1-0"]
[TimeControl "90'+30\""]
[WhiteElo "2290"]
[BlackElo "2426"]

1. d4 {[%clk 01:28:23]} {[%emt 00:02:37]} Nf6 {[%clk 01:24:40]} {[%emt
00:06:12]} 2. c4 {[%clk 01:28:46]} {[%emt 00:00:15]} e6 {[%clk 01:25:01]}
{[%emt 00:00:09]} 3. Bf4 {[%clk 01:29:10]} {[%emt 00:00:05]} Bb4+ {[%clk
01:20:31]} {[%emt 00:05:01]} 4. Nd2 {[%clk 01:29:25]} {[%emt 00:00:15]} Nh5
{[%clk 01:18:33]} {[%emt 00:02:28]} 5. a3 {[%clk 01:23:41]} {[%emt 00:06:14]}
Be7 {[%clk 01:15:31]} {[%emt 00:03:32]} 6. e3 {[%clk 01:20:23]} {[%emt
00:03:48]} Nxf4 {[%clk 01:08:35]} {[%emt 00:07:26]} 7. exf4 {[%clk 01:20:42]}
{[%emt 00:00:11]} b6 {[%clk 01:02:45]} {[%emt 00:06:20]} 8. Ngf3 {[%clk
01:20:03]} {[%emt 00:01:09]} Bb7 {[%clk 01:01:23]} {[%emt 00:01:52]} 9. Bd3
{[%clk 01:18:51]} {[%emt 00:01:41]} c5 {[%clk 00:59:51]} {[%emt 00:02:03]} 10.
O-O {[%clk 01:17:51]} {[%emt 00:01:29]} O-O {[%clk 00:54:23]} {[%emt 00:05:59]}
11. Re1 {[%clk 01:10:51]} {[%emt 00:07:30]} cxd4 {[%clk 00:48:50]} {[%emt
00:06:04]} 12. Qc2 {[%clk 01:09:05]} {[%emt 00:02:15]} g6 {[%clk 00:48:13]}
{[%emt 00:01:07]} 13. b4 {[%clk 01:01:20]} {[%emt 00:08:15]} Bf6 {[%clk
00:44:28]} {[%emt 00:04:15]} 14. Ne4 {[%clk 00:54:18]} {[%emt 00:07:31]} Bg7
{[%clk 00:43:56]} {[%emt 00:01:02]} 15. c5 {[%clk 00:53:20]} {[%emt 00:01:30]}
bxc5 {[%clk 00:37:00]} {[%emt 00:07:26]} 16. bxc5 {[%clk 00:51:24]} {[%emt
00:02:25]} Bd5 {[%clk 00:28:23]} {[%emt 00:09:07]} 17. Rad1 {[%clk 00:32:17]}
{[%emt 00:19:37]} Nc6 {[%clk 00:28:03]} {[%emt 00:00:50]} 18. Bb5 {[%clk
00:30:45]} {[%emt 00:02:02]} Qa5 {[%clk 00:19:30]} {[%emt 00:09:03]} 19. Bxc6
{[%clk 00:30:15]} {[%emt 00:01:01]} dxc6 {[%clk 00:19:14]} {[%emt 00:00:45]} 20.
Ne5 {[%clk 00:28:55]} {[%emt 00:01:50]} Qxa3 {[%clk 00:14:09]} {[%emt
00:05:35]} 21. Rxd4 {[%clk 00:27:12]} {[%emt 00:02:13]} Rfb8 {[%clk 00:11:59]}
{[%emt 00:02:41]} 22. h4 {[%clk 00:26:10]} {[%emt 00:01:31]} Rb4 {[%clk
00:09:17]} {[%emt 00:03:12]} 23. Qd2 {[%clk 00:22:55]} {[%emt 00:03:46]} a5
{[%clk 00:08:28]} {[%emt 00:01:19]} 24. Nd6 {[%clk 00:21:33]} {[%emt 00:01:51]}
Qb2 {[%clk 00:06:26]} {[%emt 00:02:32]} 25. Qxb2 {[%clk 00:20:52]} {[%emt
00:01:12]} Rxb2 {[%clk 00:06:55]} {[%emt 00:00:01]} 26. Ra1 {[%clk 00:20:53]}
{[%emt 00:00:28]} Bb3 {[%clk 00:03:20]} {[%emt 00:04:05]} 27. Ndxf7 {[%clk
00:20:19]} {[%emt 00:01:04]} a4 {[%clk 00:03:38]} {[%emt 00:00:13]} 28. Rb4
{[%clk 00:18:09]} {[%emt 00:02:39]} a3 {[%clk 00:02:55]} {[%emt 00:01:13]} 29.
Rxa3 {[%clk 00:17:20]} {[%emt 00:01:19]} Rxa3 {[%clk 00:03:24]} {[%emt
00:00:01]} 30. Rb8+ {[%clk 00:17:44]} {[%emt 00:00:06]} Bf8 {[%clk 00:03:53]}
{[%emt 00:00:01]} 31. Nh6+ {[%clk 00:17:23]} {[%emt 00:00:51]} Kg7 {[%clk
00:01:47]} {[%emt 00:02:37]} 32. Rb7+ {[%clk 00:17:48]} {[%emt 00:00:05]} Be7
{[%clk 00:01:57]} {[%emt 00:00:19]} 33. Rxe7+ {[%clk 00:18:09]} {[%emt
00:00:09]} Kf8 {[%clk 00:02:26]} {[%emt 00:00:02]} 34. Rf7+ {[%clk 00:16:41]}
{[%emt 00:01:57]} Ke8 {[%clk 00:02:54]} {[%emt 00:00:02]} 35. Rxh7 {[%clk
00:17:02]} {[%emt 00:00:09]} Bd5 {[%clk 00:00:39]} {[%emt 00:02:45]} 36. Rh8+
{[%clk 00:14:11]} {[%emt 00:03:21]} Ke7 {[%clk 00:01:08]} {[%emt 00:00:01]} 37.
Rc8 {[%clk 00:14:14]} {[%emt 00:00:27]} Kf6 {[%clk 00:01:04]} {[%emt 00:00:33]}
38. Rc7 {[%clk 00:14:11]} {[%emt 00:00:34]} 1-0

[Event "XLIV Memoriał Szachowy Ludwika Zamenhofa 2025, Grupa A"]
[Site "Białystok, Poland"]
[Date "2025.12.29"]
[Round "6.3"]
[White "Nasuta, Grzegorz"]
[Black "Krawczyk, Flawian"]
[Result "1/2-1/2"]
[TimeControl "90'+30\""]
[WhiteElo "2498"]
[BlackElo "2292"]

1. e4 {[%clk 01:27:04]} {[%emt 00:03:55]} e6 {[%clk 01:30:57]} {[%emt
00:00:04]} 2. d4 {[%clk 01:23:19]} {[%emt 00:04:15]} d5 {[%clk 01:31:14]}
{[%emt 00:00:13]} 3. Nc3 {[%clk 01:21:50]} {[%emt 00:01:59]} Bb4 {[%clk
01:30:33]} {[%emt 00:01:11]} 4. e5 {[%clk 01:21:08]} {[%emt 00:01:12]} c5
{[%clk 01:30:58]} {[%emt 00:00:05]} 5. Bd2 {[%clk 01:19:54]} {[%emt 00:01:44]}
Ne7 {[%clk 01:31:15]} {[%emt 00:00:13]} 6. a3 {[%clk 01:18:55]} {[%emt
00:01:29]} Bxc3 {[%clk 01:31:40]} {[%emt 00:00:05]} 7. Bxc3 {[%clk 01:19:20]}
{[%emt 00:00:06]} Nbc6 {[%clk 01:32:07]} {[%emt 00:00:03]} 8. Nf3 {[%clk
01:17:55]} {[%emt 00:01:54]} b6 {[%clk 01:32:31]} {[%emt 00:00:06]} 9. h4
{[%clk 00:55:13]} {[%emt 00:23:12]} a5 {[%clk 01:30:17]} {[%emt 00:02:44]} 10.
h5 {[%clk 00:54:53]} {[%emt 00:00:51]} h6 {[%clk 01:29:47]} {[%emt 00:00:59]}
11. g4 {[%clk 00:48:01]} {[%emt 00:07:22]} Qc7 {[%clk 01:22:56]} {[%emt
00:07:21]} 12. Qd2 {[%clk 00:39:03]} {[%emt 00:09:29]} Bd7 {[%clk 01:09:12]}
{[%emt 00:14:14]} 13. Qe3 {[%clk 00:35:20]} {[%emt 00:04:13]} cxd4 {[%clk
01:03:35]} {[%emt 00:06:05]} 14. Bxd4 {[%clk 00:16:14]} {[%emt 00:19:37]} Rb8
{[%clk 00:59:10]} {[%emt 00:04:55]} 15. Bd3 {[%clk 00:13:05]} {[%emt 00:03:39]}
Nxd4 {[%clk 00:59:23]} {[%emt 00:00:16]} 16. Nxd4 {[%clk 00:13:30]} {[%emt
00:00:06]} Nc6 {[%clk 00:59:14]} {[%emt 00:00:40]} 17. f4 {[%clk 00:13:41]}
{[%emt 00:00:19]} Nxd4 {[%clk 00:59:23]} {[%emt 00:00:21]} 18. Qxd4 {[%emt
00:00:17]} Qc5 {[%clk 00:59:40]} 19. c3 {[%clk 00:13:44]} {[%emt 00:00:52]} Bb5
{[%clk 00:57:03]} {[%emt 00:03:07]} 20. O-O-O {[%clk 00:08:49]} {[%emt
00:05:25]} Bxd3 {[%clk 00:56:53]} {[%emt 00:00:40]} 21. Rxd3 {[%clk 00:09:07]}
{[%emt 00:00:13]} Qxd4 {[%clk 00:55:24]} {[%emt 00:01:58]} 22. cxd4 {[%clk
00:08:43]} {[%emt 00:00:55]} Kd7 {[%clk 00:53:12]} {[%emt 00:02:41]} 23. Rc3
{[%clk 00:04:24]} {[%emt 00:04:50]} Rbc8 {[%clk 00:47:27]} {[%emt 00:06:14]} 24.
Rxc8 {[%clk 00:04:50]} {[%emt 00:00:04]} Rxc8+ {[%clk 00:47:49]} {[%emt
00:00:08]} 25. Kd2 {[%clk 00:05:14]} {[%emt 00:00:06]} Rc4 {[%clk 00:44:01]}
{[%emt 00:04:17]} 26. Kd3 {[%clk 00:05:40]} {[%emt 00:00:05]} b5 {[%clk
00:43:54]} {[%emt 00:00:37]} 27. g5 {[%clk 00:00:35]} {[%emt 00:05:35]} 1/2-1/2

[Event "XLIV Memoriał Szachowy Ludwika Zamenhofa 2025, Grupa A"]
[Site "Białystok, Poland"]
[Date "2025.12.29"]
[Round "6.4"]
[White "Pidluznij, Gleb"]
[Black "Rekuc, Patryk"]
[Result "1/2-1/2"]
[TimeControl "90'+30\""]
[WhiteElo "2411"]
[BlackElo "2288"]

1. d4 {[%clk 01:26:40]} {[%emt 00:04:13]} Nf6 {[%clk 01:30:57]} {[%emt
00:00:09]} 2. c4 {[%clk 01:26:58]} {[%emt 00:00:12]} e6 {[%clk 01:31:19]}
{[%emt 00:00:07]} 3. Nf3 {[%clk 01:27:23]} {[%emt 00:00:05]} b6 {[%clk
01:31:43]} {[%emt 00:00:06]} 4. Bf4 {[%clk 01:27:22]} {[%emt 00:00:31]} Bb7
{[%clk 01:31:59]} {[%emt 00:00:15]} 5. e3 {[%clk 01:27:43]} {[%emt 00:00:09]}
Bb4+ {[%clk 01:32:21]} {[%emt 00:00:07]} 6. Nfd2 {[%clk 01:28:07]} {[%emt
00:00:06]} O-O {[%clk 01:32:40]} {[%emt 00:00:11]} 7. a3 {[%clk 01:28:32]}
{[%emt 00:00:05]} Be7 {[%clk 01:33:01]} {[%emt 00:00:09]} 8. Nc3 {[%clk
01:28:55]} {[%emt 00:00:07]} d5 {[%clk 01:28:12]} {[%emt 00:05:20]} 9. cxd5
{[%clk 01:29:17]} {[%emt 00:00:08]} exd5 {[%clk 01:27:55]} {[%emt 00:00:47]} 10.
Bd3 {[%clk 01:29:40]} {[%emt 00:00:07]} c5 {[%clk 01:27:17]} {[%emt 00:01:08]}
11. Nf3 {[%clk 01:30:04]} {[%emt 00:00:06]} Nc6 {[%clk 01:19:36]} {[%emt
00:08:12]} 12. O-O {[%clk 01:29:03]} {[%emt 00:01:30]} Nh5 {[%clk 01:08:25]}
{[%emt 00:11:41]} 13. Be5 {[%clk 01:28:34]} {[%emt 00:00:59]} Nxe5 {[%clk
01:04:04]} {[%emt 00:04:52]} 14. dxe5 {[%clk 01:28:53]} {[%emt 00:00:11]} g6
{[%clk 01:04:06]} {[%emt 00:00:27]} 15. Be2 {[%clk 01:21:11]} {[%emt 00:08:10]}
Qd7 {[%clk 00:47:52]} {[%emt 00:16:46]} 16. Qb3 {[%clk 01:20:03]} {[%emt
00:01:38]} Rfd8 {[%clk 00:45:45]} {[%emt 00:02:37]} 17. Rad1 {[%clk 01:18:18]}
{[%emt 00:02:14]} Qc6 {[%clk 00:35:03]} {[%emt 00:11:13]} 18. Ne1 {[%clk
01:06:51]} {[%emt 00:11:57]} Qe6 {[%clk 00:32:40]} {[%emt 00:02:53]} 19. f4
{[%clk 00:55:01]} {[%emt 00:12:20]} c4 {[%clk 00:32:31]} {[%emt 00:00:39]} 20.
Qa2 {[%clk 00:35:44]} {[%emt 00:19:48]} Bc5 {[%clk 00:32:10]} {[%emt 00:00:50]}
21. Nc2 {[%clk 00:35:48]} {[%emt 00:00:26]} f6 {[%clk 00:23:53]} {[%emt
00:08:48]} 22. Bxh5 {[%clk 00:31:28]} {[%emt 00:04:49]} gxh5 {[%clk 00:24:18]}
{[%emt 00:00:05]} 23. Nd4 {[%clk 00:31:26]} {[%emt 00:00:32]} Qe8 {[%clk
00:23:01]} {[%emt 00:01:47]} 24. e6 {[%clk 00:31:09]} {[%emt 00:00:47]} Bxd4
{[%clk 00:23:16]} {[%emt 00:00:16]} 25. Rxd4 {[%clk 00:31:26]} {[%emt
00:00:12]} Qxe6 {[%clk 00:23:41]} {[%emt 00:00:04]} 26. Rf3 {[%clk 00:31:04]}
{[%emt 00:00:53]} Rd7 {[%clk 00:21:35]} {[%emt 00:02:37]} 27. Qb1 {[%clk
00:30:41]} {[%emt 00:00:53]} Kh8 {[%clk 00:15:58]} {[%emt 00:06:06]} 28. Qe1
{[%clk 00:25:11]} {[%emt 00:05:59]} Rg8 {[%clk 00:15:36]} {[%emt 00:00:52]} 29.
Rg3 {[%clk 00:17:43]} {[%emt 00:07:59]} Re8 {[%clk 00:13:40]} {[%emt 00:02:26]}
30. Qd1 {[%clk 00:14:22]} {[%emt 00:03:51]} Qf5 {[%clk 00:08:00]} {[%emt
00:06:11]} 31. e4 {[%clk 00:08:05]} {[%emt 00:06:47]} Qxf4 {[%clk 00:08:25]}
{[%emt 00:00:05]} 32. Rf3 {[%clk 00:06:42]} {[%emt 00:01:52]} Qg5 {[%clk
00:07:32]} {[%emt 00:01:23]} 33. exd5 {[%clk 00:06:02]} {[%emt 00:01:10]} Rde7
{[%clk 00:07:42]} {[%emt 00:00:19]} 34. Rf1 {[%clk 00:05:59]} {[%emt 00:00:34]}
Qe3+ {[%clk 00:04:08]} {[%emt 00:04:04]} 35. Kh1 {[%clk 00:06:20]} {[%emt
00:00:08]} Rg7 {[%clk 00:03:05]} {[%emt 00:01:34]} 36. Qd2 {[%clk 00:04:08]}
{[%emt 00:02:43]} Rg5 {[%clk 00:02:12]} {[%emt 00:01:23]} 37. Qxe3 {[%clk
00:03:37]} {[%emt 00:01:00]} Rxe3 {[%clk 00:02:41]} {[%emt 00:00:01]} 38. Kg1
{[%clk 00:04:07]} Kg7 {[%clk 00:01:37]} {[%emt 00:01:34]} 39. Rfd1 {[%clk
00:04:31]} {[%emt 00:00:06]} Re7 {[%clk 00:00:39]} {[%emt 00:01:27]} 40. Rxc4
{[%clk 00:03:45]} {[%emt 00:01:16]} Rd7 {[%clk 00:01:02]} {[%emt 00:00:07]} 41.
Rcd4 {[%clk 00:02:54]} {[%emt 00:01:22]} Re5 {[%clk 00:01:03]} {[%emt
00:00:28]} 42. R1d2 {[%clk 00:02:58]} {[%emt 00:00:27]} Kf7 {[%clk 00:01:04]}
{[%emt 00:00:29]} 43. d6 {[%clk 00:02:22]} {[%emt 00:01:06]} Ke6 {[%clk
00:01:24]} {[%emt 00:00:09]} 44. Ne2 {[%clk 00:02:48]} {[%emt 00:00:04]} Re4
{[%clk 00:00:40]} {[%emt 00:01:14]} 45. Rxe4+ {[%clk 00:01:29]} {[%emt
00:01:49]} Bxe4 {[%clk 00:01:09]} {[%emt 00:00:01]} 46. Nf4+ {[%clk 00:01:47]}
{[%emt 00:00:11]} Ke5 {[%clk 00:01:33]} {[%emt 00:00:06]} 47. Nxh5 {[%clk
00:02:10]} {[%emt 00:00:08]} Rxd6 {[%clk 00:00:33]} {[%emt 00:01:31]} 48. Rxd6
{[%clk 00:01:27]} {[%emt 00:01:12]} Kxd6 {[%clk 00:01:02]} {[%emt 00:00:01]} 49.
Kf2 {[%clk 00:00:33]} {[%emt 00:01:25]} Ke5 {[%clk 00:01:23]} {[%emt 00:00:09]}
50. g3 {[%clk 00:01:00]} {[%emt 00:00:02]} Bg6 {[%clk 00:01:31]} {[%emt
00:00:22]} 51. Nf4 {[%clk 00:01:26]} {[%emt 00:00:03]} Be4 {[%clk 00:01:33]}
{[%emt 00:00:28]} 52. Ke3 {[%clk 00:01:52]} {[%emt 00:00:05]} Bf5 {[%clk
00:01:28]} {[%emt 00:00:35]} 53. h4 {[%clk 00:02:11]} {[%emt 00:00:11]} Bd7
{[%clk 00:01:40]} {[%emt 00:00:18]} 54. Kd3 {[%clk 00:01:01]} {[%emt 00:01:40]}
Bb5+ {[%clk 00:01:39]} {[%emt 00:00:31]} 55. Ke3 {[%clk 00:01:26]} {[%emt
00:00:05]} Bc6 {[%clk 00:01:35]} {[%emt 00:00:34]} 56. Nd3+ {[%clk 00:01:23]}
{[%emt 00:00:33]} Kf5 {[%clk 00:01:54]} {[%emt 00:00:10]} 57. Nf2 {[%clk
00:00:51]} {[%emt 00:01:03]} Ke5 {[%clk 00:02:05]} {[%emt 00:00:19]} 58. Ng4+
{[%clk 00:00:52]} {[%emt 00:00:29]} Kf5 {[%clk 00:02:10]} {[%emt 00:00:25]} 59.
Nf2 {[%clk 00:01:12]} {[%emt 00:00:09]} Ke5 {[%clk 00:02:30]} {[%emt 00:00:11]}
60. Ng4+ {[%clk 00:00:40]} {[%emt 00:01:02]} Kf5 {[%clk 00:02:54]} {[%emt
00:00:06]} 61. Nf2 {[%clk 00:01:04]} {[%emt 00:00:05]} Ke5 {[%emt 00:00:04]} 62.
Ke4+ {[%clk 00:01:04]} {[%emt 00:00:01]} 1/2-1/2

[Event "XLIV Memoriał Szachowy Ludwika Zamenhofa 2025, Grupa A"]
[Site "Białystok, Poland"]
[Date "2025.12.29"]
[Round "6.5"]
[White "Terkiewicz, Bruno"]
[Black "Niedbala, Bartlomiej"]
[Result "1-0"]
[TimeControl "90'+30\""]
[WhiteElo "2211"]
[BlackElo "2380"]

1. e4 {[%clk 01:30:58]} g6 {[%clk 01:28:15]} {[%emt 00:02:41]} 2. d4 {[%clk
01:31:23]} {[%emt 00:00:10]} d6 {[%clk 01:28:42]} {[%emt 00:00:03]} 3. Nc3
{[%clk 01:31:34]} {[%emt 00:00:18]} Bg7 {[%clk 01:29:00]} {[%emt 00:00:12]} 4.
Be3 {[%clk 01:31:42]} {[%emt 00:00:22]} a6 {[%clk 01:29:08]} {[%emt 00:00:23]}
5. a4 {[%clk 01:31:53]} {[%emt 00:00:18]} Nf6 {[%clk 01:27:34]} {[%emt
00:02:04]} 6. h3 {[%clk 01:32:07]} {[%emt 00:00:16]} O-O {[%clk 01:24:42]}
{[%emt 00:03:22]} 7. Nge2 {[%clk 01:32:11]} {[%emt 00:00:27]} Nc6 {[%clk
01:12:59]} {[%emt 00:12:12]} 8. d5 {[%clk 01:25:02]} {[%emt 00:07:40]} Nb4
{[%clk 01:01:31]} {[%emt 00:11:58]} 9. g4 {[%clk 01:22:36]} {[%emt 00:02:55]}
e6 {[%clk 00:55:28]} {[%emt 00:06:30]} 10. Bg2 {[%clk 01:22:04]} {[%emt
00:01:06]} exd5 {[%clk 00:53:53]} {[%emt 00:02:05]} 11. exd5 {[%clk 01:21:49]}
{[%emt 00:00:44]} c6 {[%clk 00:51:34]} {[%emt 00:02:49]} 12. dxc6 {[%clk
01:21:40]} {[%emt 00:00:40]} bxc6 {[%clk 00:51:55]} {[%emt 00:00:08]} 13. O-O
{[%clk 01:20:52]} {[%emt 00:01:19]} h5 {[%clk 00:47:39]} {[%emt 00:04:45]} 14.
gxh5 {[%clk 01:16:25]} {[%emt 00:04:58]} Nxh5 {[%clk 00:47:32]} {[%emt
00:00:37]} 15. Qd2 {[%clk 01:16:32]} {[%emt 00:00:23]} a5 {[%clk 00:42:51]}
{[%emt 00:05:10]} 16. Ng3 {[%clk 01:12:17]} {[%emt 00:04:44]} Nf6 {[%clk
00:39:49]} {[%emt 00:03:33]} 17. Rad1 {[%clk 01:10:48]} {[%emt 00:02:00]} d5
{[%clk 00:38:04]} {[%emt 00:02:14]} 18. Rfe1 {[%clk 01:10:09]} {[%emt
00:01:09]} Nd7 {[%clk 00:28:28]} {[%emt 00:10:07]} 19. Bg5 {[%clk 01:00:35]}
{[%emt 00:10:04]} Qc7 {[%clk 00:22:25]} {[%emt 00:06:32]} 20. Re7 {[%clk
00:53:39]} {[%emt 00:07:27]} d4 {[%clk 00:11:10]} {[%emt 00:11:44]} 21. Nb1
{[%clk 00:45:41]} {[%emt 00:08:28]} Nd5 {[%clk 00:07:04]} {[%emt 00:04:37]} 22.
Bxd5 {[%clk 00:45:54]} {[%emt 00:00:18]} cxd5 {[%clk 00:07:32]} {[%emt
00:00:01]} 23. Bh6 {[%clk 00:38:12]} {[%emt 00:08:12]} Bf6 {[%clk 00:04:50]}
{[%emt 00:03:12]} 24. Bxf8 {[%clk 00:35:07]} {[%emt 00:03:35]} Bxe7 {[%clk
00:04:14]} {[%emt 00:01:05]} 25. Bxe7 {[%clk 00:33:55]} {[%emt 00:01:42]} Ne5
{[%clk 00:04:43]} {[%emt 00:00:01]} 26. Kg2 {[%clk 00:33:52]} {[%emt 00:00:33]}
Qxe7 {[%clk 00:03:54]} {[%emt 00:01:19]} 27. Re1 {[%clk 00:33:24]} {[%emt
00:00:57]} Be6 {[%clk 00:01:03]} {[%emt 00:03:22]} 28. Rxe5 {[%clk 00:32:42]}
{[%emt 00:01:11]} Bxh3+ {[%clk 00:01:27]} {[%emt 00:00:06]} 29. Kxh3 {[%clk
00:33:08]} {[%emt 00:00:05]} Qxe5 {[%clk 00:01:56]} 30. Na3 {[%clk 00:32:51]}
{[%emt 00:00:47]} d3 {[%clk 00:00:33]} {[%emt 00:01:54]} 31. cxd3 {[%clk
00:33:00]} {[%emt 00:00:20]} Qd4 {[%clk 00:00:32]} {[%emt 00:00:31]} 32. b3
{[%clk 00:33:11]} {[%emt 00:00:19]} Qe5 {[%clk 00:00:32]} {[%emt 00:00:30]} 33.
Nb5 {[%clk 00:33:19]} {[%emt 00:00:22]} Qf6 {[%clk 00:00:31]} {[%emt 00:00:31]}
34. Kg2 {[%clk 00:33:33]} {[%emt 00:00:16]} Qe5 {[%clk 00:00:32]} {[%emt
00:00:29]} 35. d4 {[%clk 00:32:46]} {[%emt 00:01:17]} Qe7 {[%clk 00:00:36]}
{[%emt 00:00:25]} 36. Qe2 {[%clk 00:33:03]} {[%emt 00:00:14]} Qb4 {[%clk
00:00:45]} {[%emt 00:00:20]} 37. Qf3 {[%clk 00:33:23]} {[%emt 00:00:10]} Rd8
{[%clk 00:00:59]} {[%emt 00:00:16]} 38. Ne2 {[%clk 00:33:42]} {[%emt 00:00:12]}
Qe7 {[%clk 00:00:45]} {[%emt 00:00:43]} 39. Nf4 {[%clk 00:34:01]} {[%emt
00:00:12]} Qg5+ {[%clk 00:00:32]} {[%emt 00:00:43]} 40. Qg3 {[%clk 00:34:24]}
{[%emt 00:00:07]} Qf5 {[%clk 00:00:48]} {[%emt 00:00:14]} 41. Nd3 {[%clk
00:34:38]} {[%emt 00:00:16]} Qe4+ {[%clk 00:00:41]} {[%emt 00:00:36]} 42. Qf3
{[%clk 00:34:59]} {[%emt 00:00:09]} Qe7 {[%clk 00:01:00]} {[%emt 00:00:12]} 43.
Ne5 {[%clk 00:35:17]} {[%emt 00:00:12]} Qg5+ {[%clk 00:00:55]} {[%emt
00:00:34]} 44. Qg4 {[%clk 00:35:20]} {[%emt 00:00:27]} Qf6 {[%clk 00:01:00]}
{[%emt 00:00:25]} 45. Kg3 {[%clk 00:35:39]} {[%emt 00:00:12]} Re8 {[%clk
00:00:41]} {[%emt 00:00:48]} 46. Qf4 {[%clk 00:35:50]} {[%emt 00:00:19]} 1-0

[Event "XLIV Memoriał Szachowy Ludwika Zamenhofa 2025, Grupa A"]
[Site "Białystok, Poland"]
[Date "2025.12.29"]
[Round "6.6"]
[White "Cukrowski, Filip"]
[Black "Obrycki, Tomasz"]
[Result "1/2-1/2"]
[TimeControl "90'+30\""]
[WhiteElo "2417"]
[BlackElo "2068"]

1. d4 {[%clk 01:06:57]} {[%emt 00:24:02]} Nf6 {[%clk 01:30:34]} {[%emt
00:00:25]} 2. c4 {[%clk 01:07:20]} {[%emt 00:00:07]} e6 {[%clk 01:30:54]}
{[%emt 00:00:10]} 3. Nc3 {[%clk 01:07:40]} {[%emt 00:00:11]} Bb4 {[%clk
01:31:06]} {[%emt 00:00:18]} 4. Qc2 {[%clk 01:06:29]} {[%emt 00:01:40]} c5
{[%clk 01:26:50]} {[%emt 00:04:47]} 5. Nf3 {[%clk 00:39:05]} {[%emt 00:27:55]}
O-O {[%clk 01:19:51]} {[%emt 00:07:28]} 6. a3 {[%clk 00:38:59]} {[%emt
00:00:37]} cxd4 {[%clk 01:16:49]} {[%emt 00:03:31]} 7. axb4 {[%clk 00:29:19]}
{[%emt 00:10:10]} dxc3 {[%clk 01:17:11]} {[%emt 00:00:08]} 8. bxc3 {[%clk
00:29:45]} {[%emt 00:00:05]} d6 {[%clk 01:09:47]} {[%emt 00:07:54]} 9. e4
{[%emt 00:01:39]} e5 {[%clk 00:58:41]} {[%emt 00:11:34]} 10. h3 {[%clk
00:28:22]} {[%emt 00:00:46]} Be6 {[%clk 00:58:13]} {[%emt 00:00:57]} 11. Be3
{[%clk 00:28:38]} {[%emt 00:00:15]} Qc7 {[%clk 00:57:56]} {[%emt 00:00:45]} 12.
Nd2 {[%clk 00:27:40]} {[%emt 00:01:29]} Nbd7 {[%clk 00:57:24]} {[%emt
00:01:01]} 13. Be2 {[%clk 00:25:39]} {[%emt 00:02:32]} Nb6 {[%clk 00:56:44]}
{[%emt 00:01:10]} 14. Bxb6 {[%clk 00:19:04]} {[%emt 00:07:06]} Qxb6 {[%clk
00:56:42]} {[%emt 00:00:31]} 15. O-O {[%clk 00:19:24]} {[%emt 00:00:11]} Qc7
{[%clk 00:54:04]} {[%emt 00:03:07]} 16. Rfd1 {[%clk 00:16:38]} {[%emt
00:03:16]} Nd7 {[%clk 00:52:31]} {[%emt 00:02:03]} 17. Nf1 {[%clk 00:14:26]}
{[%emt 00:02:42]} Nb6 {[%clk 00:51:24]} {[%emt 00:01:37]} 18. Ne3 {[%clk
00:14:46]} {[%emt 00:00:11]} h6 {[%clk 00:38:21]} {[%emt 00:13:33]} 19. Ra5
{[%clk 00:13:28]} {[%emt 00:01:47]} Bxc4 {[%clk 00:32:44]} {[%emt 00:06:07]} 20.
Bxc4 {[%clk 00:12:34]} {[%emt 00:01:25]} Nxc4 {[%clk 00:33:12]} {[%emt
00:00:02]} 21. Nxc4 {[%clk 00:13:03]} Qxc4 {[%clk 00:33:41]} {[%emt 00:00:02]}
22. Rxd6 {[%clk 00:13:10]} {[%emt 00:00:23]} Qc7 {[%clk 00:28:25]} {[%emt
00:05:45]} 23. Qd3 {[%clk 00:09:32]} {[%emt 00:04:08]} b6 {[%clk 00:27:47]}
{[%emt 00:01:09]} 24. Ra6 {[%clk 00:05:43]} {[%emt 00:04:20]} Rfc8 {[%clk
00:22:49]} {[%emt 00:05:27]} 25. b5 {[%clk 00:04:01]} {[%emt 00:02:12]} Kh7
{[%clk 00:21:20]} {[%emt 00:02:00]} 26. Rc6 {[%clk 00:01:06]} {[%emt 00:03:25]}
Qb7 {[%clk 00:21:21]} {[%emt 00:00:22]} 27. Qc4 {[%clk 00:00:38]} {[%emt
00:01:04]} Rxc6 {[%clk 00:20:37]} {[%emt 00:01:14]} 28. Qxc6 {[%clk 00:00:36]}
{[%emt 00:00:33]} Rb8 {[%clk 00:16:27]} {[%emt 00:04:40]} 29. Qxb7 {[%clk
00:00:41]} {[%emt 00:00:24]} Rxb7 {[%clk 00:16:56]} {[%emt 00:00:01]} 30. c4
{[%clk 00:00:52]} {[%emt 00:00:20]} Rc7 {[%clk 00:16:24]} {[%emt 00:01:02]} 31.
Ra4 {[%clk 00:01:03]} {[%emt 00:00:19]} Kg6 {[%clk 00:15:50]} {[%emt 00:01:01]}
32. f3 {[%clk 00:01:14]} {[%emt 00:00:21]} Kf6 {[%clk 00:15:08]} {[%emt
00:01:11]} 33. Kf2 {[%clk 00:01:43]} {[%emt 00:00:03]} Ke6 {[%clk 00:15:12]}
{[%emt 00:00:23]} 34. Ke3 {[%clk 00:02:08]} {[%emt 00:00:08]} Kd6 {[%clk
00:14:27]} {[%emt 00:01:14]} 35. Kd3 {[%clk 00:02:34]} {[%emt 00:00:05]} Kc5
{[%clk 00:14:27]} {[%emt 00:00:28]} 36. Kc3 {[%clk 00:02:58]} {[%emt 00:00:07]}
Rd7 {[%clk 00:14:19]} {[%emt 00:00:37]} 37. Ra1 {[%clk 00:03:23]} {[%emt
00:00:05]} f6 {[%clk 00:12:03]} {[%emt 00:02:47]} 1/2-1/2